000 00233nam a2200097Ia 4500
008 190216s9999||||xx |||||||||||||| ||und||
100 _aRaman V N S
245 0 _aAccountancy And Commerce Vol Ii
260 _bOrient Longman
942 _cBK
999 _c3989
_d3989